| 000 | 00892cam a2200253 a 4500 | ||
|---|---|---|---|
| 020 | _a190554183X | ||
| 020 | _a9781905541836 | ||
| 082 | 0 | 4 | _a361.30941 |
| 245 | 0 | 0 |
_aSocial work models, methods and theories : _ba framework for practice / _cedited by Paul Stepney and Deirdre Ford. |
| 250 | _a2nd ed. | ||
| 260 |
_aLyme Regis : _bRussell House, _c2012. |
||
| 300 |
_axviii, 305 p. : _bill. ; _c21 cm. |
||
| 504 | _aIncludes bibliographical references and index. | ||
| 650 | 0 |
_aSocial case work _981018 |
|
| 650 | 0 |
_aSocial service _981019 |
|
| 650 | 0 |
_aSocial service _981020 |
|
| 700 | 1 |
_aStepney, Paul. _981021 |
|
| 700 | 1 |
_aFord, Deirdre. _981022 |
|
| 942 |
_2ddc _cBK |
||
| 999 |
_c585967 _d585967 |
||